LEADER 01143nam0 22003133i 450 001 TO00423561 005 20231121125838.0 020 $aIT$b664586 100 $a20021218d1966 ||||0itac50 ba 101 | $aita 102 $ait 181 1$6z01$ai $bxxxe 182 1$6z01$an 200 1 $a˜L'œadolescenza$fMaurice Debesse$gtraduzione dal francese di Benedetto Cali 210 $aRoma$cAVE$d1966 215 $a125 p.$d19 cm. 225 | $aEducazione e società$v2 410 0$1001SBL0094410$12001 $aEducazione e società$v2 500 10$a˜L'œadolescence.$3RAV0136472$9CFIV020079$9940238 700 1$aDebesse$b, Maurice$3CFIV020079$4070$0157913 801 3$aIT$bIT-01$c20021218 850 $aIT-RM0289 $aIT-FR0017 899 $aBiblioteca Statale A. Baldini$bRM0289 899 $aBiblioteca umanistica Giorgio Aprea$bFR0017 $eN 912 $aTO00423561 950 0$aBiblioteca umanistica Giorgio Aprea$d 52MAG 1/3117$e 52BUN0000076135 VMB RS $fA $h20181203$i20181203 977 $a 04$a 52 996 $aAdolescence$9940238 997 $aUNICAS LEADER 00967nam0 22002651i 450 001 RML0239027 005 20231121125705.0 100 $a20121121d1993 ||||0itac50 ba 101 | $aita 102 $ait 181 1$6z01$ai $bxxxe 182 1$6z01$an 200 1 $aWavelets$eAlgorithms & applications$fYves Meyer$gtransl. and revised by Robert D. Ryan 210 $aPhiladelphia $cSIAM $d1993 215 $axi,133 p.$cfig.$d25 cm 700 1$aMEYER$b, Yves$3RMLV152746$041129 701 1$aRYAN$b, Robert D.$3RMLV152745$053518 801 3$aIT$bIT-01$c20121121 850 $aIT-FR0098 899 $aBiblioteca Area Giuridico Economica$bFR0098 912 $aRML0239027 950 0$aBiblioteca Area Giuridico Economica$d 53TER 515/29$e 53VM 0000079545 VM barcode:ECO007607. - Inventario:1978. - Fondo:Sala consultazioneVM$fA $h19950419$i20121204 977 $a 53 996 $aWavelets$93620463 997 $aUNICAS